000
00336nam a2200157Ia 4500
008
230605s1965 xx 000 0 und d
041
_a
eng
100
_a
Fuller
245
_a
Waiter
250
_a
3rd
260
_b
Hutchinsons
_c
1965
300
_a
207p
520
_a
Hard Board
520
_a
Reference Copy
650
_a
F & B Ser.
999
_c
420260
_d
420260